000
00262nam a2200109Ia 4500
008
240625s9999 xx 000 0 und d
041
_a
eng
082
_a
005.57658 CHA
100
_a
CHATFIELD CARL
245
_a
STEP BY STEP MICROSOFT PROJECT 2003
260
_c
2006
999
_c
33861
_d
33861